Statistics for ISO 3166-1 Country Codes

Click here to take the quiz!

General Stats

  • This quiz has been taken 50 times
  • The average score is 73 of 249

Answer Stats

CodeName% Correct
AFAfghanistan
94%
AZAzerbaijan
76%
AUAustralia
76%
ATAustria
71%
CZCzech Republic
65%
DJDjibouti
65%
DKDenmark
65%
DODominican Republic
65%
HUHungary
65%
DEGermany
59%
DMDominica
59%
FRFrance
59%
GAGabon
59%
ITItaly
59%
ISIceland
59%
JOJordan
59%
OMOman
59%
QAQatar
59%
BZBelize
53%
AEUnited Arab Emirates
53%
LVLatvia
53%
FJFiji
53%
ECEcuador
53%
NZNew Zealand
53%
RURussia
53%
ZMZambia
53%
ADAndorra
53%
KZKazakhstan
53%
ZWZimbabwe
53%
BFBurkina Faso
53%
AMArmenia
53%
ALAlbania
53%
BGBulgaria
53%
BBBarbados
53%
BEBelgium
53%
EEEstonia
47%
GBUnited Kingdom
47%
HKHong Kong
47%
LALaos
47%
IQIraq
47%
JMJamaica
47%
JPJapan
47%
KEKenya
47%
KIKiribati
47%
FIFinland
47%
ARArgentina
47%
ETEthiopia
47%
LTLithuania
47%
CHSwitzerland
47%
UZUzbekistan
47%
TZTanzania
47%
RWRwanda
47%
HRCroatia
41%
YEYemen
41%
BDBangladesh
41%
UGUganda
41%
TVTuvalu
41%
RORomania
41%
LBLebanon
41%
IDIndonesia
41%
LILiechtenstein
41%
ILIsrael
41%
PKPakistan
41%
IRIran
41%
PHPhilippines
41%
NLNetherlands
41%
KGKyrgyzstan
41%
MMBurma
41%
IEIreland
41%
BOBolivia
41%
BRBrazil
41%
EREritrea
41%
CACanada
41%
MDMoldova
35%
NGNigeria
35%
AWAruba
35%
CUCuba
35%
KRSouth Korea
35%
LULuxembourg
35%
MKMacedonia
35%
MLMali
35%
MZMozambique
35%
PLPoland
35%
PAPanama
35%
PEPeru
35%
BHBahrain
35%
PTPortugal
35%
BNBrunei
35%
BYBelarus
35%
SKSlovakia
35%
USUnited States
35%
UYUruguay
35%
INIndia
35%
NANamibia
35%
GRGreece
35%
GYGuyana
35%
EGEgypt
35%
ESSpain
29%
NONorway
29%
KHCambodia
29%
SYSyria
29%
MEMontenegro
29%
AOAngola
29%
COColombia
29%
SISlovenia
29%
CNChina
29%
CMCameroon
29%
SESweden
29%
GEGeorgia
29%
RERéunion
29%
LYLibya
29%
THThailand
29%
CGCongo, The Republic of the
29%
TOTonga
29%
GQEquatorial Guinea
29%
HNHonduras
29%
HTHaiti
29%
BABosnia and Herzegovina
29%
AGAntigua and Barbuda
29%
BJBenin
29%
MYMalaysia
29%
FMMicronesia
29%
VNVietnam
29%
VAVatican City
29%
UAUkraine
29%
BWBotswana
29%
GHGhana
29%
FKFalkland Islands
24%
GLGreenland
24%
NENiger
24%
NINicaragua
24%
PGPapua New Guinea
24%
NRNauru
24%
SMSan Marino
24%
CDCongo, The Democratic Republic of the
24%
PYParaguay
24%
RSSerbia
24%
MRMauritania
24%
SOSomalia
24%
SSSouth Sudan
24%
SZSwaziland
24%
TGTogo
24%
TJTajikistan
24%
TRTurkey
24%
BTBhutan
24%
VEVenezuela
24%
VIUnited States Virgin Islands
24%
ZASouth Africa
24%
MXMexico
24%
DZAlgeria
24%
GUGuam
24%
CYCyprus
24%
LKSri Lanka
24%
MGMadagascar
24%
MCMonaco
24%
BMBermuda
24%
LCSaint Lucia
24%
MAMorocco
24%
AQAntarctica
24%
LSLesotho
24%
CVCape Verde
24%
KWKuwait
24%
ASAmerican Samoa
24%
BIBurundi
24%
CRCosta Rica
24%
KPNorth Korea
24%
CLChile
24%
GFFrench Guiana
18%
LRLiberia
18%
SASaudi Arabia
18%
AIAnguilla
18%
GDGrenada
18%
JEJersey
18%
SCSeychelles
18%
SDSudan
18%
SGSingapore
18%
TMTurkmenistan
18%
CWCuraçao
18%
GTGuatemala
18%
TTTrinidad and Tobago
18%
MQMartinique
18%
KMComoros
18%
MHMarshall Islands
18%
MTMalta
18%
MUMauritius
18%
MWMalawi
18%
GNGuinea
18%
VUVanuatu
18%
CIIvory Coast
18%
IOBritish Indian Ocean Territory
18%
BVBouvet Island
18%
VGBritish Virgin Islands
18%
NPNepal
18%
BSBahamas
18%
TNTunisia
12%
VCSaint Vincent and the Grenadines
12%
FOFaroe Islands
12%
GWGuinea-Bissau
12%
EHWestern Sahara
12%
UMUnited States Minor Outlying Islands
12%
WFWallis and Futuna
12%
WSSamoa
12%
AXÅland Islands
12%
TDChad
12%
SVEl Salvador
12%
CXChristmas Island
12%
TWTaiwan
12%
KYCayman Islands
12%
STSao Tome and Principe
12%
PSPalestine
12%
MVMaldives
12%
MNMongolia
12%
GMGambia
12%
BQBonaire, Sint Eustatius and Saba
12%
PFFrench Polynesia
12%
CKCook Islands
12%
KNSaint Kitts and Nevis
12%
PRPuerto Rico
12%
CFCentral African Republic
12%
SNSenegal
12%
SLSierra Leone
12%
TKTokelau
6%
GIGibraltar
6%
IMIsle of Man
6%
MPNorthern Mariana Islands
6%
MOMacau
6%
NCNew Caledonia
6%
NFNorfolk Island
6%
NUNiue
6%
TLEast Timor
6%
HMHeard Island and McDonald Islands
6%
TCTurks and Caicos Islands
6%
PMSaint Pierre and Miquelon
6%
CCCocos (Keeling) Islands
6%
SHSaint Helena, Ascension and Tristan da Cunha
6%
SBSolomon Islands
6%
PWPalau
6%
GGGuernsey
6%
TFFrench Southern Territories
6%
SJSvalbard and Jan Mayen
6%
MSMontserrat
0%
GPGuadeloupe
0%
SRSuriname
0%
MFSaint Martin
0%
PNPitcairn
0%
YTMayotte
0%
BLSaint Barthélemy
0%
SXSint Maarten
0%
GSSouth Georgia and the South Sandwich Islands
0%

Score Distribution

Percentile by Number Answered

Percent of People with Each Score

Your Score History

You have not taken this quiz